000 00340nam a22001217a 4500
008 210301b ||||| |||| 00| 0 eng d
020 _a9993614009
082 _a342.54 TSA
245 _aTsa Thrim of The Centre for Bhutan Studies, 2001
260 _aThimphu :
_bThe Centre for Bhutan Studies,
_c2004.
300 _a24 p.
_c21 cm.
942 _2ddc
999 _c8621
_d8622